00345nam a2200097Ia 45000010005000000080041000050820028000461000051000742450104001252600018002294130241024s9999 xx 000 0 und d aRD/796//R426r/1946-2014 aRepública Dominicana. Ministerio de Deportes 0aRepública Dominicana en juegos Centroamericanos y del Caribe (1946-2014) / Ministerio de Deportes bJ. Cruzc1946